<?xml version="1.0" encoding="UTF-8"?><record xmlns="http://www.loc.gov/MARC21/slim" xmlns:zs="http://docs.oasis-open.org/ns/search-ws/sruResponse">
  <leader>00532cz  a2200169n  4500</leader>
  <controlfield tag="001">n  85238284 </controlfield>
  <controlfield tag="003">DLC</controlfield>
  <controlfield tag="005">20080622080536.0</controlfield>
  <controlfield tag="008">850821n| acannaabn          |a aaa      </controlfield>
  <datafield ind1=" " ind2=" " tag="010">
    <subfield code="a">n  85238284 </subfield>
  </datafield>
  <datafield ind1=" " ind2=" " tag="035">
    <subfield code="a">(OCoLC)oca01407814</subfield>
  </datafield>
  <datafield ind1=" " ind2=" " tag="040">
    <subfield code="a">DLC</subfield>
    <subfield code="b">eng</subfield>
    <subfield code="c">DLC</subfield>
    <subfield code="d">OCoLC</subfield>
  </datafield>
  <datafield ind1="1" ind2=" " tag="100">
    <subfield code="a">Sedlag, Ulrich</subfield>
  </datafield>
  <datafield ind1="1" ind2=" " tag="400">
    <subfield code="w">nnaa</subfield>
    <subfield code="a">Sedlag, U.</subfield>
  </datafield>
  <datafield ind1="1" ind2=" " tag="400">
    <subfield code="a">Sedlag, U.</subfield>
    <subfield code="q">(Ulrich)</subfield>
  </datafield>
  <datafield ind1=" " ind2=" " tag="670">
    <subfield code="a">His Tierwelt in Gefahr, 1985, c1983:</subfield>
    <subfield code="b">t.p. (Prof. Dr. rer. nat. habil. Ulrich Sedlag)</subfield>
  </datafield>
  <datafield ind1=" " ind2=" " tag="670">
    <subfield code="a">LC data base, 7-15-85</subfield>
    <subfield code="b">(hdg.: Sedlag, U. usage: Ulrich Sedlag)</subfield>
  </datafield>
</record>
